000 00697nam a2200241Ia 4500
003 GCL
008 140319s9999 xx 000 0 eng d
040 _aGCL /
_cGCL
082 0 4 _a615.1072
_bB N
100 1 _aBURNS,H.DONDEL WAGNER JR,HENERY N
245 1 0 _aNUCLEAR IMAGING IN DRUG DISCOVERY, DEVELOPMENT AND APPROVAL /
_cBURNS,H.DONDEL WAGNER JR,HENERY N
700 1 _aGIBSON, REYMAND E.
700 1 _aDANNALS,ROBERT F
700 1 _aSIEGL, PETERX. S
260 _a[S.N] :
_bBERKHAUSER ،
_c1993
300 _a338
650 0 4 _aDRUGS EVALUATION
650 0 4 _aMETHODOLOGY
650 0 4 _aDURNS
650 0 4 _aDAUGS DESIGN
650 0 4 _aTOMOGRAPHY, EMISSION- COMPUTED
942 _2ddc
_cBK
999 _c10963
_d10963